Central Library OPAC University of Rajshahi

Social roles and social institutions : (Record no. 57503)

MARC details
000 -LEADER
fixed length control field 00756nam a2200241 a 4500
001 - CONTROL NUMBER
control field 57503
003 - CONTROL NUMBER IDENTIFIER
rucl marc code BD-RjUL
005 - DATE AND TIME OF LATEST TRANSACTION
control field 20211209080524.0
008 - FIXED-LENGTH DATA ELEMENTS--GENERAL INFORMATION
fixed length control field 161210s1991 enk b 010 0 eng
020 ## - INTERNATIONAL STANDARD BOOK NUMBER
International Standard Book Number 081338320X
035 ## - SYSTEM CONTROL NUMBER
System control number (BD-RjUL)57627
040 ## - CATALOGING SOURCE
Original cataloging agency DLC
Transcribing agency DLC
Modifying agency BD-RjUL
Language of cataloging eng
041 ## - LANGUAGE CODE
Language code of text/sound track or separate title eng
082 00 - DEWEY DECIMAL CLASSIFICATION NUMBER
Classification number 302.15
Edition number 23
Author mark and year SOC 1991
245 00 - TITLE STATEMENT
Title Social roles and social institutions :
Remainder of title essays in honor of Rose Laub Coser /
Statement of responsibility, etc. edited by Judith R. Blau, Norman Goodman.
260 ## - PUBLICATION, DISTRIBUTION, ETC. (IMPRINT)
Place of publication, distribution, etc. Boulder :
Name of publisher, distributor, etc. Westview Press,
Date of publication, distribution, etc. 1991.
300 ## - PHYSICAL DESCRIPTION
Pagination xxix, 288 p. ;
Size 24 cm.
504 ## - BIBLIOGRAPHY, ETC. NOTE
Bibliography, etc Includes bibliographical references.
650 #0 - SUBJECT ADDED ENTRY--TOPICAL TERM
Topical term or geographic name as entry element Social role
9 (RLIN) 170762
700 1# - ADDED ENTRY--PERSONAL NAME
Personal name Blau, Judith R.,
Dates associated with a name 1942-
Personal name Goodman, Norman.
942 ## - ADDED ENTRY ELEMENTS (KOHA)
Source of classification or shelving scheme Dewey Decimal Classification
Koha item type Books
Holdings
Lost status Source of classification or shelving scheme Damaged status Not for loan Collection code Permanent Location Current Location Shelving location Date acquired Total Checkouts Full call number Date last seen Copy number Koha item type
  Dewey Decimal Classification   Not For Loan Non-fiction Central Library, University of Rajshahi Central Library, University of Rajshahi Reading Room 05/01/1994   302.15 SOC 1991 10/12/2016 C-1 Books